000 00791nam a2200229Ia 4500
005 20260430150759.0
008 008 250103s9999 xx 000 0 hin d
037 _aTheses
040 _aCRL
040 _bhin
040 _chin
041 _2hin
041 _ahin
084 _qCRL
100 _aमौर्या, राम विलास, ले.
_9868753
245 0 _aअष्ट - महाप्रातिहार्य - बौद्ध तीर्थ यात्रा का उद्भव एवं विकास
260 _c2023
300 _a259पृ0
700 _aदिल्ली विश्वविद्यालय. कला संकाय. बौद्ध अध्ययन विभाग
942 _cTH
999 _c1850743
_d1850743